Central Library OPAC University of Rajshahi

বৃহত্তর যশোরের লোককবি ও চারণকবি / (Record no. 48602)

MARC details
000 -LEADER
fixed length control field 00933nam a2200241 a 4500
001 - CONTROL NUMBER
control field 48602
003 - CONTROL NUMBER IDENTIFIER
rucl marc code BD-RjUL
005 - DATE AND TIME OF LATEST TRANSACTION
control field 20211209054543.0
008 - FIXED-LENGTH DATA ELEMENTS--GENERAL INFORMATION
fixed length control field 160814s1998 bg |||| ||| 001 0 ben d
020 ## - INTERNATIONAL STANDARD BOOK NUMBER
International Standard Book Number 9840734096
Terms of availability : Tk. 65.00
035 ## - SYSTEM CONTROL NUMBER
System control number (BD-RjUL)48721
040 ## - CATALOGING SOURCE
Original cataloging agency BD-RjUL
Language of cataloging ben
Transcribing agency BD-RjUL
Modifying agency BD-RjUL
041 ## - LANGUAGE CODE
Language code of text/sound track or separate title ben
082 ## - DEWEY DECIMAL CLASSIFICATION NUMBER
Edition number 23
Classification number 891.441092
Author mark and year HOB 1998
100 1# - MAIN ENTRY--PERSONAL NAME
Personal name হোসাইন, মহসিন
9 (RLIN) 146814
245 10 - TITLE STATEMENT
Title বৃহত্তর যশোরের লোককবি ও চারণকবি /
Statement of responsibility, etc. মহসিন হোসাইন
260 ## - PUBLICATION, DISTRIBUTION, ETC. (IMPRINT)
Place of publication, distribution, etc. ঢাকা :
Name of publisher, distributor, etc. বাংলা একাডেমী,
Date of publication, distribution, etc. ১৯৯৮ [১৪০৫]
300 ## - PHYSICAL DESCRIPTION
Pagination [১৩] ১৪৬ পৃ. ;
Accompanying material ২১ সেমি.
500 ## - GENERAL NOTE
General note নির্ঘন্ট সংযুক্ত
650 ## - SUBJECT ADDED ENTRY--TOPICAL TERM
Topical term or geographic name as entry element বাংলা কবিতা
General subdivision জীবনী
9 (RLIN) 124278
Topical term or geographic name as entry element Bengali poetry
General subdivision Biograpphy
9 (RLIN) 146815
942 ## - ADDED ENTRY ELEMENTS (KOHA)
Source of classification or shelving scheme Dewey Decimal Classification
Koha item type Books
Holdings
Lost status Source of classification or shelving scheme Damaged status Not for loan Collection code Permanent Location Current Location Shelving location Date acquired Source of acquisition Cost, normal purchase price Total Checkouts Full call number Date last seen Copy number Koha item type
  Dewey Decimal Classification     Non-fiction Central Library, University of Rajshahi Central Library, University of Rajshahi   22/07/2012 Bangla Academy , Dhaka 65.00   B 891.441092 HOB 1998 14/08/2016 C-2 Books
  Dewey Decimal Classification   Not For Loan Non-fiction Central Library, University of Rajshahi Central Library, University of Rajshahi Reading Room 22/07/2012 Bangla Academy, Dhaka 65.00   B 891.441092 HOB 1998 30/01/2017 C-1 Books